Location of noise sources using a phase-slope method /

Bibliographic Details
Main Authors: DeLoach, Richard (Author), Preisser, John S. (Author)
Corporate Author: Langley Research Center
Format: Government Document eBook
Language:English
Published: Washington, D.C. : National Aeronautics and Space Administration, Scientific and Technical Information Branch, November 1985.
Series:NASA technical paper ; 2505.
Subjects:
Online Access:https://purl.fdlp.gov/GPO/gpo105938

MARC

Tag First Indicator Second Indicator Subfields
LEADER 00000cam a2200000 i 4500
001 in00004005921
005 20181024083904.0
006 m o d f
007 cr un||||a|a||
008 111114e198511 dcua obt f000 0 eng c
035 |a (OCoLC)ocn760980575 
040 |a OCLCE  |b eng  |e rda  |e pn  |c OCLCE  |d OCLCQ  |d OCLCF  |d OCLCQ  |d OCLCO  |d OCLCQ  |d GPO  |d MvI  |d UtOrBLW 
042 |a pcc 
049 |a WWW 
074 |a 0830-H-15 (online) 
086 0 |a NAS 1.60:2505 
100 1 |a DeLoach, Richard,  |e author.  |0 http://id.loc.gov/authorities/names/n82142706 
245 1 0 |a Location of noise sources using a phase-slope method /  |c Richard DeLoach and John S. Preisser. 
264 1 |a Washington, D.C. :  |b National Aeronautics and Space Administration, Scientific and Technical Information Branch,  |c November 1985. 
300 |a 1 online resource (46 pages) :  |b illustrations. 
336 |a text  |b txt  |2 rdacontent 
337 |a computer  |b c  |2 rdamedia 
338 |a online resource  |b cr  |2 rdacarrier 
490 1 |a NASA/TP ;  |v 2505 
500 |a "November 1985." 
500 |a Prepared at Langley Research Center. 
504 |a Includes bibliographical references (page 10). 
513 |a Technical paper. 
536 |a Langley Research Center  |d L-15793  |d 505-31-33-I3 
588 |a Description based on online resource, PDF version; title from title page (NASA, viewed July 16, 2018). 
650 7 |a Noise generators.  |2 nasat 
650 7 |a Broadband.  |2 nasat 
650 7 |a Gradients.  |2 nasat 
650 7 |a Microphones.  |2 nasat 
650 7 |a Acoustic measurement.  |2 nasat 
650 0 |a Microphone.  |0 http://id.loc.gov/authorities/subjects/sh85084882 
650 0 |a Sound  |x Transmission.  |0 http://id.loc.gov/authorities/subjects/sh85125376 
650 0 |a Acoustical engineering.  |0 http://id.loc.gov/authorities/subjects/sh85000596 
650 7 |a Acoustical engineering.  |2 fast  |0 (OCoLC)fst00795936 
650 7 |a Microphone.  |2 fast  |0 (OCoLC)fst01019979 
650 7 |a Sound  |x Transmission.  |2 fast  |0 (OCoLC)fst01126989 
700 1 |a Preisser, John S.,  |e author.  |0 http://id.loc.gov/authorities/names/n82229367 
710 1 |a United States.  |b National Aeronautics and Space Administration.  |b Scientific and Technical Information Branch,  |e issuing body.  |0 http://id.loc.gov/authorities/names/n78091122 
710 2 |a Langley Research Center.  |0 http://id.loc.gov/authorities/names/n79134855 
776 0 8 |i Print version:  |a DeLoach, Richard  |t Location of noise sources using a phase-slope method  |w (OCoLC)36781391 
776 0 8 |i Microfiche:  |a DeLoach, Richard  |t Location of noise sources using a phase-slope method  |w (OCoLC)56537744 
830 0 |a NASA technical paper ;  |v 2505.  |0 http://id.loc.gov/authorities/names/n42017381 
856 4 0 |u https://purl.fdlp.gov/GPO/gpo105938  |t 0 
999 f f |s 83a41bb2-2255-3f42-8708-ee56ac42001f  |i 84f598c8-938e-3785-ab0b-0c203e8425c2  |t 0 
952 f f |a Texas A&M University  |b College Station  |c Electronic Resources  |d Available Online  |t 0  |e NAS 1.60:2505  |h Superintendent of Documents classification 
998 f f |a NAS 1.60:2505  |t 0  |l Available Online